MARC details
| 000 -LEADER |
| campo de control de longitud fija |
01970cam a22005414a 4500 |
| 001 - NÚMERO DE CONTROL |
| campo de control |
54424 |
| 005 - FECHA Y HORA DE LA ÚLTIMA TRANSACCIÓN |
| campo de control |
20230410123358.0 |
| 008 - DATOS DE LONGITUD FIJA--INFORMACIÓN GENERAL |
| campo de control de longitud fija |
050124s2005 enkab b 001 0 eng |
| 010 ## - NÚMERO DE CONTROL DE LA BIBLIOTECA DEL CONGRESO |
| Número de control de LC |
2005001303 |
| 035 ## - NÚMERO DE CONTROL DEL SISTEMA |
| Número de control de sistema |
(OCoLC)ocm57514838 |
| 040 ## - FUENTE DE CATALOGACIÓN |
| Centro catalogador/agencia de origen |
DLC |
| Centro/agencia transcriptor |
DLC |
| Centro/agencia modificador |
UKM |
| -- |
BAKER |
| -- |
BWKUK |
| -- |
NLGGC |
| -- |
MUQ |
| -- |
BTCTA |
| -- |
YDXCP |
| 015 ## - NÚMERO DE BIBLIOGRAFÍA NACIONAL |
| Número de bibliografía nacional |
GBA542692 |
| Fuente |
bnb |
| 016 7# - NÚMERO DE CONTROL DE UNA AGENCIA BIBLIOGRÁFICA NACIONAL |
| Número de control del registro |
013200839 |
| Fuente |
Uk |
| 019 ## - |
| -- |
60419334 |
| 020 ## - NÚMERO INTERNACIONAL ESTÁNDAR DEL LIBRO |
| Número Internacional Estándar del Libro |
0415336376 (hbk. : alk. paper) |
| 020 ## - NÚMERO INTERNACIONAL ESTÁNDAR DEL LIBRO |
| Número Internacional Estándar del Libro |
9780415336376 (hbk. : alk. paper) |
| 020 ## - NÚMERO INTERNACIONAL ESTÁNDAR DEL LIBRO |
| Número Internacional Estándar del Libro |
0415336384 (pbk. : alk. paper) |
| 020 ## - NÚMERO INTERNACIONAL ESTÁNDAR DEL LIBRO |
| Número Internacional Estándar del Libro |
9780415336383 (pbk. : alk. paper) |
| 029 1# - OTRO NÚMERO DE CONTROL DE SISTEMA (OCLC) |
| Identificador de la biblioteca OCLC |
NLGGC |
| Número de control de sistema |
272280224 |
| 029 1# - OTRO NÚMERO DE CONTROL DE SISTEMA (OCLC) |
| Identificador de la biblioteca OCLC |
YDXCP |
| Número de control de sistema |
100364502 |
| 029 1# - OTRO NÚMERO DE CONTROL DE SISTEMA (OCLC) |
| Identificador de la biblioteca OCLC |
YDXCP |
| Número de control de sistema |
100366134 |
| 029 1# - OTRO NÚMERO DE CONTROL DE SISTEMA (OCLC) |
| Identificador de la biblioteca OCLC |
NZ1 |
| Número de control de sistema |
9114906 |
| 035 ## - NÚMERO DE CONTROL DEL SISTEMA |
| Número de control de sistema |
(OCoLC)57514838 |
| Número de control cancelado/no válido |
(OCoLC)60419334 |
| 042 ## - CÓDIGO DE AUTENTICACIÓN |
| Código de autenticación |
pcc |
| 043 ## - CÓDIGO DE ÁREA GEOGRÁFICA |
| Código de área geográfica |
a-ja--- |
| 050 14 - SIGNATURA TOPOGRÁFICA DE LA BIBLIOTECA DEL CONGRESO |
| Número de clasificación |
JZ1745 |
| Número de ítem |
J37 2005 |
| 082 00 - NÚMERO DE LA CLASIFICACIÓN DECIMAL DEWEY |
| Número de clasificación |
327.52 |
| Número de edición |
22 |
| 084 ## - OTRO NÚMERO DE CLASIFICACIÓN |
| Número de clasificación |
89.90 |
| Fuente del número |
bcl |
| 245 00 - MENCIÓN DEL TÍTULO |
| Título |
Japan's international relations : |
| Resto del título |
politics, economics and security / |
| Mención de responsabilidad, etc. |
Glenn D. Hook ... [et al.]. |
| 250 ## - MENCION DE EDICION |
| Mención de edición |
2nd ed. |
| 260 ## - PUBLICACIÓN, DISTRIBUCIÓN, ETC. |
| Lugar de publicación, distribución, etc. |
London ; |
| -- |
New York : |
| Nombre del editor, distribuidor, etc. |
Routledge, |
| Fecha de publicación, distribución, etc. |
2005. |
| 300 ## - DESCRIPCIÓN FÍSICA |
| Extensión |
xlvii, 623 p. : |
| Otras características físicas |
ill., maps ; |
| Dimensiones |
26 cm. |
| 440 #0 - MENCIÓN DE SERIE/PUNTO DE ACCESO ADICIONAL--TÍTULO |
| Título |
Sheffield Centre for Japanese studies/Routledge series |
| 504 ## - NOTA DE BIBLIOGRAFÍA, ETC. |
| Nota de bibliografía, etc. |
Includes bibliographical references (p. 505-528) and index. |
| 651 #0 - PUNTO DE ACCESO ADICIONAL DE MATERIA--NOMBRE GEOGRÁFICO |
| Nombre geográfico |
Japan |
| Subdivisión general |
Foreign relations |
| Subdivisión cronológica |
1989- |
| 650 17 - PUNTO DE ACCESO ADICIONAL DE MATERIA--TÉRMINO DE MATERIA |
| Término de materia o nombre geográfico como elemento de entrada |
Buitenlandse betrekkingen. |
| Fuente del encabezamiento o término |
gtt |
| 650 17 - PUNTO DE ACCESO ADICIONAL DE MATERIA--TÉRMINO DE MATERIA |
| Término de materia o nombre geográfico como elemento de entrada |
Veiligheidspolitiek. |
| Fuente del encabezamiento o término |
gtt |
| 650 17 - PUNTO DE ACCESO ADICIONAL DE MATERIA--TÉRMINO DE MATERIA |
| Término de materia o nombre geográfico como elemento de entrada |
Internationale economische betrekkingen. |
| Fuente del encabezamiento o término |
gtt |
| 651 #6 - PUNTO DE ACCESO ADICIONAL DE MATERIA--NOMBRE GEOGRÁFICO |
| Nombre geográfico |
Japon |
| Subdivisión general |
Relations extâerieures |
| Subdivisión cronológica |
1989- |
| 700 1# - ENTRADA AGREGADA--NOMBRE PERSONAL |
| Nombre de persona |
Hook, Glenn D. |
| 856 41 - LOCALIZACIÓN Y ACCESO ELECTRÓNICOS |
| Materiales especificados |
Table of contents |
| Identificador Uniforme de Recursos |
<a href="http://www.loc.gov/catdir/toc/ecip056/2005001303.html">http://www.loc.gov/catdir/toc/ecip056/2005001303.html</a> |
| 938 ## - |
| -- |
Baker and Taylor |
| -- |
BTCP |
| -- |
2005001303 |
| 938 ## - |
| -- |
Baker & Taylor |
| -- |
BKTY |
| -- |
45.95 |
| -- |
45.95 |
| -- |
0415336384 |
| -- |
0006248310 |
| -- |
active |
| 938 ## - |
| -- |
YBP Library Services |
| -- |
YANK |
| -- |
100366134 |
| 938 ## - |
| -- |
Baker & Taylor |
| -- |
BKTY |
| -- |
170.00 |
| -- |
170.00 |
| -- |
0415336376 |
| -- |
0006248309 |
| -- |
active |
| 942 ## - ELEMENTOS DE ENTRADA SECUNDARIOS (KOHA) |
| Fuente del sistema de clasificación o colocación |
Clasificación de Library of Congress |
| Tipo de ítem Koha |
|
| 994 ## - |
| -- |
C0 |
| -- |
DRFGD |